|
|
|
|
| LEADER |
00000cam a2200000 7i4500 |
| 001 |
0000091315 |
| 005 |
20230419115329.0 |
| 008 |
|
| 020 |
|
|
|a 9781666322521 (
|q (paperback))
|
| 040 |
|
|
|e rda
|
| 041 |
|
|
|a English
|
| 090 |
0 |
0 |
|a SC
|b ENG
|
| 100 |
1 |
|
|a Kim, Carol ,
|e (author)
|
| 245 |
1 |
0 |
|a Climate change on the brink :
|b Max Axiom and the society of super scientists
|c Carol Kim
|
| 264 |
|
1 |
|a North Mankato, Minnesota :
|b Capstone Press
|c 2022
|
| 300 |
|
|
|a 32 pages :
|b color illustrations ;
|c 23 cm.
|
| 336 |
|
|
|a text
|2 rdacontent
|
| 337 |
|
|
|a unmediated
|2 rdamedia
|
| 338 |
|
|
|a volume
|2 rdacarrier
|
| 490 |
1 |
|
|a Max Axiom and the society of super scientists
|
| 500 |
|
|
|a Children ages 10-12 years old (pink)
|
| 500 |
|
|
|a Includes index
|
| 541 |
|
|
|c Purchased on 2022
|f 00304 TSR
|h RM49.75
|
| 650 |
|
0 |
|a Climatic changes
|v Juvenile literature
|
| 650 |
|
0 |
|a Global warming
|v Juvenile literature
|
| 700 |
1 |
|
|a Doescher, Katharine ,
|e (illustrator)
|
| 730 |
0 |
|
|a Title
|
| 999 |
|
|
|a 0001723591
|b Book
|c Children Collection
|e Desa - PPAJ
|
| 999 |
|
|
|a 0001723592
|b Book
|c Children Collection
|e Desa - PPAJ
|
| 999 |
|
|
|a 0001723593
|b Book
|c Children Collection
|e Desa - PPAJ
|
| 999 |
|
|
|a 0001723594
|b Book
|c Children Collection
|e Desa - PPAJ
|
| 999 |
|
|
|a 0001723595
|b Book
|c Children Collection
|e Desa - PPAJ
|
| 999 |
|
|
|a 0001723596
|b Book
|c Children Collection
|e Desa - PPAJ
|
| 999 |
|
|
|a 0001723597
|b Book
|c Children Collection
|e Desa - PPAJ
|
| 999 |
|
|
|a 0001723598
|b Book
|c Children Collection
|e Desa - PPAJ
|
| 999 |
|
|
|a 0001723599
|b Book
|c Children Collection
|e Desa - PPAJ
|
| 999 |
|
|
|a 0001723600
|b Book
|c Children Collection
|e Desa - PPAJ
|
| 999 |
|
|
|a 0001723601
|b Book
|c Children Collection
|e Desa - PPAJ
|
| 999 |
|
|
|a 0001723602
|b Book
|c Children Collection
|e Desa - PPAJ
|
| 999 |
|
|
|a 0001723603
|b Book
|c Children Collection
|e Desa - PPAJ
|
| 999 |
|
|
|a 0001723604
|b Book
|c Children Collection
|e Desa - PPAJ
|
| 999 |
|
|
|a 0001723605
|b Book
|c Children Collection
|e Desa - PPAJ
|
| 999 |
|
|
|a 0001723606
|b Book
|c Children Collection
|e Desa - PPAJ
|
| 999 |
|
|
|a 0001723607
|b Book
|c Children Collection
|e Desa - PPAJ
|
| 999 |
|
|
|a 0001723608
|b Book
|c Children Collection
|e Desa - PPAJ
|
| 999 |
|
|
|a 0001723609
|b Book
|c Children Collection
|e Desa - PPAJ
|
| 999 |
|
|
|a 0001723610
|b Book
|c Children Collection
|e Desa - PPAJ
|
| 999 |
|
|
|a 0001723611
|b Book
|c Children Collection
|e Desa - PPAJ
|
| 999 |
|
|
|a 0001723612
|b Book
|c Children Collection
|e Desa - PPAJ
|
| 999 |
|
|
|a 0001723613
|b Book
|c Children Collection
|e Desa - PPAJ
|
| 999 |
|
|
|a 0001723614
|b Book
|c Children Collection
|e Desa - PPAJ
|
| 999 |
|
|
|a 0001723615
|b Book
|c Children Collection
|e Desa - PPAJ
|
| 999 |
|
|
|a 0001723616
|b Book
|c Children Collection
|e Desa - PPAJ
|
| 999 |
|
|
|a 0001723617
|b Book
|c Children Collection
|e Desa - PPAJ
|
| 999 |
|
|
|a 0001723618
|b Book
|c Children Collection
|e Desa - PPAJ
|
| 999 |
|
|
|a 0001723619
|b Book
|c Children Collection
|e Desa - PPAJ
|
| 999 |
|
|
|a 0001723620
|b Book
|c Children Collection
|e Desa - PPAJ
|
| 999 |
|
|
|a 0001723621
|b Book
|c Children Collection
|e Desa - PPAJ
|
| 999 |
|
|
|a 0001723622
|b Book
|c Children Collection
|e Desa - PPAJ
|
| 999 |
|
|
|a 0001723623
|b Book
|c Children Collection
|e Desa - PPAJ
|
| 999 |
|
|
|a 0001723624
|b Book
|c Children Collection
|e Desa - PPAJ
|
| 999 |
|
|
|a 0001723625
|b Book
|c Children Collection
|e Desa - PPAJ
|
| 999 |
|
|
|a 0001723626
|b Book
|c Children Collection
|e Desa - PPAJ
|
| 999 |
|
|
|a 0001723627
|b Book
|c Children Collection
|e Desa - PPAJ
|
| 999 |
|
|
|a 0001723628
|b Book
|c Children Collection
|e Desa - PPAJ
|
| 999 |
|
|
|a 0001723629
|b Book
|c Children Collection
|e Desa - PPAJ
|
| 999 |
|
|
|a 0001723630
|b Book
|c Children Collection
|e Desa - PPAJ
|
| 999 |
|
|
|a 0001723631
|b Book
|c Children Collection
|e Desa - PPAJ
|
| 999 |
|
|
|a 0001724421
|b Book
|c Children Collection
|e Cawangan AEON Kulaijaya
|
| 999 |
|
|
|a 0001724422
|b Book
|c Children Collection
|e Cawangan Urban Transformation Centre
|
| 999 |
|
|
|a 0001724423
|b Book
|c Children Collection
|e Perbadanan Perpustakaan Awam Johor
|
| 999 |
|
|
|a 0001724424
|b Book
|c Children Collection
|e Cawangan Segamat
|
| 999 |
|
|
|a 0001724425
|b Book
|c Children Collection
|e Cawangan Taman Universiti
|
| 999 |
|
|
|a 0001724426
|b Book
|c Children Collection
|e Cawangan Mersing
|
| 999 |
|
|
|a 0001724427
|b Book
|c Children Collection
|e Cawangan Tangkak
|
| 999 |
|
|
|a 0001724428
|b Book
|c Children Collection
|e Cawangan Pontian
|
| 999 |
|
|
|a 0001724429
|b Book
|c Children Collection
|e Cawangan Batu Pahat
|
| 999 |
|
|
|a 0001724430
|b Book
|c Children Collection
|e Cawangan Bandar Penawar
|
| 999 |
|
|
|a 0001724431
|b Book
|c Children Collection
|e Cawangan Muar
|
| 999 |
|
|
|a 0001724432
|b Book
|c Children Collection
|e Cawangan Tmn. Ungku Tun Aminah
|
| 999 |
|
|
|a 0001724433
|b Book
|c Children Collection
|e Cawangan Bukit Gambir
|
| 999 |
|
|
|a 0001724434
|b Book
|c Children Collection
|e Cawangan Taman Sri Lambak
|
| 999 |
|
|
|a 0001724435
|b Book
|c Children Collection
|e Cawangan Kota Tinggi
|
| 999 |
|
|
|a 0001724436
|b Book
|c Children Collection
|e Cawangan Sri Merlong
|
| 999 |
|
|
|a 0001724437
|b Book
|c Children Collection
|e Cawangan Bandar Tenggara
|